<?xml version="1.0" encoding="UTF-8"?>
<record
    xmlns:xsi="http://www.w3.org/2001/XMLSchema-instance"
    xsi:schemaLocation="http://www.loc.gov/MARC21/slim http://www.loc.gov/standards/marcxml/schema/MARC21slim.xsd"
    xmlns="http://www.loc.gov/MARC21/slim">

  <leader>00838nam a22002417a 4500</leader>
  <controlfield tag="008">240320t1977    ck     gr     000 p spa d</controlfield>
  <datafield tag="020" ind1=" " ind2=" ">
    <subfield code="a">8475302025</subfield>
  </datafield>
  <datafield tag="037" ind1=" " ind2=" ">
    <subfield code="3">Donaci&#xF3;n</subfield>
  </datafield>
  <datafield tag="040" ind1=" " ind2=" ">
    <subfield code="a">CO-JMCR</subfield>
    <subfield code="c">CO-JMCR</subfield>
    <subfield code="d">CO-JMCR</subfield>
    <subfield code="e">rda</subfield>
  </datafield>
  <datafield tag="041" ind1="0" ind2=" ">
    <subfield code="a">spa</subfield>
  </datafield>
  <datafield tag="082" ind1="0" ind2="4">
    <subfield code="a">A-P</subfield>
    <subfield code="b">MONh</subfield>
  </datafield>
  <datafield tag="100" ind1="1" ind2=" ">
    <subfield code="e">autor</subfield>
    <subfield code="a">Montale, Eugenio</subfield>
    <subfield code="9">43580</subfield>
    <subfield code="d">1896-1981</subfield>
  </datafield>
  <datafield tag="245" ind1="1" ind2="0">
    <subfield code="a">Huesos de sepia y otros poemas / </subfield>
    <subfield code="c">Eugenio Montale</subfield>
  </datafield>
  <datafield tag="246" ind1=" " ind2=" ">
    <subfield code="a">Tutte le poesie di Eugenio Montale</subfield>
  </datafield>
  <datafield tag="264" ind1=" " ind2=" ">
    <subfield code="a">Bogot&#xE1; : </subfield>
    <subfield code="b">Ediciones Orbis, S.A. , </subfield>
    <subfield code="c">&#xA9;1977</subfield>
  </datafield>
  <datafield tag="300" ind1=" " ind2=" ">
    <subfield code="a">220 p&#xE1;ginas : </subfield>
    <subfield code="c">20 cm. </subfield>
  </datafield>
  <datafield tag="586" ind1=" " ind2=" ">
    <subfield code="a">Premio Nobel de Literatura 1975</subfield>
  </datafield>
  <datafield tag="650" ind1="1" ind2="4">
    <subfield code="y">Siglo XIX - XX</subfield>
    <subfield code="9">43581</subfield>
  </datafield>
  <datafield tag="650" ind1="2" ind2="4">
    <subfield code="y">Siglo XIX - XX</subfield>
    <subfield code="9">43582</subfield>
  </datafield>
  <datafield tag="650" ind1="3" ind2="4">
    <subfield code="9">43583</subfield>
  </datafield>
  <datafield tag="700" ind1=" " ind2=" ">
    <subfield code="a">Frabetti, Carlo, </subfield>
    <subfield code="9">43584</subfield>
  </datafield>
  <datafield tag="999" ind1=" " ind2=" ">
    <subfield code="c">30715</subfield>
    <subfield code="d">17099</subfield>
  </datafield>
  <datafield tag="952" ind1=" " ind2=" ">
    <subfield code="0">0</subfield>
    <subfield code="1">0</subfield>
    <subfield code="4">0</subfield>
    <subfield code="7">0</subfield>
    <subfield code="a">CPL</subfield>
    <subfield code="b">CPL</subfield>
    <subfield code="c">FIC</subfield>
    <subfield code="d">2023-01-06</subfield>
    <subfield code="e">Donaci&#xF3;n</subfield>
    <subfield code="l">1</subfield>
    <subfield code="o">A-P MONh</subfield>
    <subfield code="p">201812181</subfield>
    <subfield code="r">2026-04-24 16:40:43</subfield>
    <subfield code="s">2026-04-24</subfield>
    <subfield code="t">Ej.1</subfield>
    <subfield code="w">2024-03-20</subfield>
    <subfield code="y">BK</subfield>
  </datafield>
</record>
